000 01371aam a2200337 i 4500
001 69523
003 Mx-PuUPA
005 20220302080958.0
008 211119s2002 mx a|||gr|||| 001 0 spa d
020 _a9781456257484
040 _aMx-PuUPA
_bspa
_cMx-PuUPA
_dMx-PuUPA
_erda
041 0 _aspa
245 0 0 _aHabilidades directivas :
_bteoría, autoaprendizaje, desarrollo y crecimiento /
_cBerta Ermila Madrigal Torres, [editor] ; con la colaboración de Juan Manuel Vázquez Flores, Marco Alberto Núñez Ramírez, Omar Gómez Quintero [y otros seis]
250 _aTercera edición
264 1 _aCiudad de México :
_bMcGraw-Hill / Interamericana Editores,
_c©2017
300 _axx, 220 páginas :
_bilustraciones ;
_c27 cm
336 _2rdacontent
_atexto
_btxt
337 _2rdamedia
_asin medio
_bn
338 _2rdacarrier
_avolumen
_bnc
650 4 _aLiderazgo
650 4 _aAptitud de mando
650 4 _aAdministración
700 1 _aMadrigal Torres, Berta Ermila,
_eeditor
_911781
700 1 _aVázquez Flores, Juan Manuel,
_ecolaborador
700 1 _aNúñez Ramírez, Marco Alberto,
_ecolaborador
700 1 _aGómez Quintero, Omar,
_ecolaborador
942 _2ddc
_h658.4092
_iH113
_cLI
999 _c69523
_d69523